[Event "Leverkusen Bayer op 9th"]
[Site "Leverkusen"]
[Date "2011.02.07"]
[Round "3"]
[White "Herms, Stefan"]
[Black "Kinnert, Reinhard"]
[Result "1-0"]
[WhiteElo "1930"]
[BlackElo "1547"]
[PlyCount "54"]
[EventDate "2011.01.10"]
[EventType "swiss"]
[EventRounds "7"]
[EventCountry "GER"]
[SourceTitle "EXT 2012"]
[Source "ChessBase"]
[SourceDate "2011.11.24"]
[SourceVersion "1"]
[SourceVersionDate "2011.11.24"]
[SourceQuality "1"]

1. e4 c5 2. Nc3 e6 3. g3 Nc6 4. Bg2 Nf6 5. d3 b6 6. Nf3 Bb7 7. 0-0 Be7 8. Ne2 e5 9. Nh4 g6 10. f4 Nxe4 11. dxe4 Bxh4 12. gxh4 Qxh4 13. Nc3 Nd4 14. fxe5 Ba6 15. Rf2 0-0-0 16. Nd5 g5 17. c3 Ne6 18. Ne7+ Kb7 19. Nf5 Qxf2+ 20. Kxf2 Bb5 21. Nd6+ Ka6 22. Nxb5 Kxb5 23. Bf1+ Kc6 24. Ba6 d6 25. Qd5+ Kd7 26. Qxd6+ Ke8 27. Bb5+ Rd7 1-0

[Event "Leverkusen-ch op"]
[Site "Leverkusen"]
[Date "2010.03.08"]
[Round "4"]
[White "Kinnert, Reinhard"]
[Black "Domnick, Michael"]
[Result "0-1"]
[WhiteElo "1621"]
[BlackElo "1681"]
[PlyCount "78"]
[EventDate "2010.01.18"]
[EventType "swiss"]
[EventRounds "7"]
[EventCountry "GER"]
[SourceTitle "EXT 2011"]
[Source "ChessBase"]
[SourceDate "2010.11.26"]
[SourceVersion "1"]
[SourceVersionDate "2010.11.26"]
[SourceQuality "1"]

1. e4 d5 2. exd5 Qxd5 3. Nc3 Qa5 4. d3 Nf6 5. Bd2 c6 6. h3 Bf5 7. Nf3 Qc7 8. Qc1 e6 9. Bf4 Bd6 10. Bxd6 Qxd6 11. Be2 Nbd7 12. a3 h6 13. Qe3 Nd5 14. Nxd5 cxd5 15. Nd4 Bg6 16. 0-0 a6 17. f4 0-0 18. h4 Rfe8 19. Qh3 Qb6 20. c3 Qxb2 21. Rac1 Rac8 22. f5 exf5 23. Nxf5 Rxe2 24. Ng3 Re7 25. Rb1 Qxc3 26. Rxb7 Qc6 27. Rb3 Rce8 28. Nf5 Bxf5 29. Qxf5 Nf6 30. Rbb1 Re2 31. Rf2 Qc5 32. Rbf1 Qd4 33. Qf4 Qxf4 34. Rxf4 Rd2 35. R1f2 Re1+ 36. Kh2 Rxf2 37. Rxf2 Ng4+ 38. Kg3 Nxf2 39. Kxf2 Ra1 0-1